THE SAGGY BAGGY ELEPHANT / (Record no. 182104)

MARC details
000 -LEADER
fixed length control field 01606nam a22003251i 4500
005 - DATE AND TIME OF LATEST TRANSACTION
control field 20210217151125.0
008 - FIXED-LENGTH DATA ELEMENTS--GENERAL INFORMATION
fixed length control field 210217t20161947nyua|||j ||| 000 1 eng d
020 ## - INTERNATIONAL STANDARD BOOK NUMBER
International Standard Book Number 9780553535891
Terms of availability RM 16.13
Qualifying information hardback
040 ## - CATALOGING SOURCE
Original cataloging agency PPAK
Language of cataloging eng
Transcribing agency PPAK
Description conventions rda
082 04 - DEWEY DECIMAL CLASSIFICATION NUMBER
Edition number 23
Classification number 428.6
090 00 - LOCALLY ASSIGNED LC-TYPE CALL NUMBER (OCLC); LOCAL CALL NUMBER (RLIN)
Classification number (OCLC) (R) ; Classification number, CALL (RLIN) (NR) 428.6
Feature heading RED
Feature heading K
100 1# - MAIN ENTRY--PERSONAL NAME
Personal name Redbank, Tennant,
Relator term author.
245 14 - TITLE STATEMENT
Title THE SAGGY BAGGY ELEPHANT /
Statement of responsibility, etc. By Tennant Redbank ; Illustrated by Garva Hathi
264 #1 - PRODUCTION, PUBLICATION, DISTRIBUTION, MANUFACTURE, AND COPYRIGHT NOTICE
Place of production, publication, distribution, manufacture New York :
Name of producer, publisher, distributor, manufacturer Random House ,
Date of production, publication, distribution, manufacture, or copyright notice ©2016
Date of production, publication, distribution, manufacture, or copyright notice ©1947
300 ## - PHYSICAL DESCRIPTION
Extent 32 pages :
Other physical details colour illustrations ;
Dimensions 24 cm.
336 ## - CONTENT TYPE
Source rdacontent
Content type term text
-- still image
337 ## - MEDIA TYPE
Source rdamedia
Media type term unmediated
338 ## - CARRIER TYPE
Source rdacarrier
Carrier type term volume
490 1# - SERIES STATEMENT
Series statement Step into reading. Step 1, ready to read
500 ## - GENERAL NOTE
General note "Adapted from the beloved Little Golden Book written by Kathryn and Byron Jackson and illustrated by Gustaf Tenggren."
520 ## - SUMMARY, ETC.
Summary, etc. Fans of Sooki, the Saggy Baggy Elephant, star of one of the bestselling Little Golden Books of all time, will now be able to read about him all on their own! This Step 1 Step into Reading title has been adapted from the original Little Golden Book story for early readers. Freshly illustrated in the style of the original book, this sweet tale about Sooki and his jungle adventures is a perfect addition to the Step into Reading line.
650 10 - SUBJECT ADDED ENTRY--TOPICAL TERM
Topical term or geographic name entry element Readers (Primary)
Topical term or geographic name entry element Elephants
Form subdivision Juvenile fiction.
Topical term or geographic name entry element Jungle animals
Form subdivision Juvenile fiction.
655 #0 - INDEX TERM--GENRE/FORM
Genre/form data or focus term Children's stories.
700 1# - ADDED ENTRY--PERSONAL NAME
Personal name Hathi, Garva,
Relator term illustrator.
830 #0 - SERIES ADDED ENTRY--UNIFORM TITLE
Uniform title Step into reading. Step 1, ready to read
942 ## - ADDED ENTRY ELEMENTS (KOHA)
Source of classification or shelving scheme Dewey Decimal Classification
Koha item type Book
Holdings
Withdrawn Not for loan Current library Shelving location Date acquired Total Checkouts Total Renewals Full call number Barcode Date last seen Date last checked out Koha item type
    Perpustakaan Alor Setar Pinjaman Kanak-kanak 28/06/2021 8 1 K 428.6 RED A01685075 25/04/2026 04/04/2026 Book
    Perpustakaan Awam Sungai Petani Pinjaman Kanak-kanak 28/06/2021 10 1 K 428.6 RED A01685076 15/06/2025 26/05/2025 Book